000 00641nam a22002537a 4500
003 UA-OsUOA
001 24604
007 ta
008 20040223b un ||||| |||| 00| 0 ukr d
100 _aСолоп А.С.
090 _a330.33.01
_bС60
942 _cBK
040 _aUA-OsUOA
_brus
_cUA-OsUOA
_dUA-OsUOA
245 _aТайны бизнеса
300 _a320 с.
955 _a0
041 _arus
080 _a330.33.01
020 _a5-7763-8467-2
260 _aКиев
_bУкраино-финский институт менеджмента и бизнеса
_c1997
044 _aUA
650 7 _2UDC
999 _c310882
_d310882